Moriencia: cuentos

Gorde:
Xehetasun bibliografikoak
Egile nagusia: Roa Bastos, Augusto (Egilea)
Formatua: Liburua
Hizkuntza:gaztelania
Argitaratua: Caracas Monte Avila 1969
Gaiak:
Etiketak: Etiketa erantsi
Etiketarik gabe, Izan zaitez lehena erregistro honi etiketa jartzen!

MARC

LEADER 00000nam a2200000 a 4500
001 UCQ1939
003 CL-VaPUC
008 980721e19690000VE |||||||||||||||||spa|d
082 0 4 |a Pa863  |b ROA  |2 21 
100 0 |a Roa Bastos, Augusto  |e author  |9 376695 
245 1 0 |a Moriencia: cuentos 
300 |a 170 p 
942 |c BK 
945 |d 19980721 00:00:00  |a lriquelm 
260 |a Caracas  |b Monte Avila  |c 1969 
650 7 |a NOVELAS PARAGUAYAS  |2 CL-VaPUC  |9 319042 
650 7 |a LITERATURA PARAGUAYA  |2 CL-VaPUC  |9 321704 
583 |a last modification  |c 19980721 00:00:00  |k Rodrigo Vera 
999 |c 272782  |d 272780 
952 |0 0  |1 0  |4 0  |6 PA_863_000000000000000_ROA_1969  |7 0  |8 A  |9 307939  |a BIBEDU  |b BIBEDU  |d 2019-11-20  |i 1438212  |o Pa863 ROA 1969  |p 1438212  |r 2019-11-20  |w 2019-11-20  |y BK  |k LIT